000 00544nam a2200205 a 4500
999 _c1438
_d1438
008 200102t2010 ii ad||g |||| 001 0 eng d
020 _a9788180521782
_cRs. 695.00
040 _aKO
_beng
041 0 _aeng
044 _aii
082 0 4 _223
_a623.87236
_bAy96
100 1 _aAyub, Akber
245 1 0 _aMarine Diesel Engines /
_cAkber Ayub
260 _aNew Delhi :
_bAne Books Pvt.Ltd. ,
_c2010.
300 _a190p. :
_bill. , charts ;
_c25 cm
504 _aIncludes Index.
650 0 _aMarine engines
_vTextbooks
942 _cBK